000 00984nam a2200301 4500
003 OSt
005 20260601193847.0
008 260506b1995 mx ||||| |||| 00| 0 spa d
020 _a9682323401
020 _a9789682323409
040 _aICI
_bspa
_cICI
041 _aspa
050 _aGB662.4
_bM3718
100 1 _aMarsily, Ghislain de,
_eautor
_931593
245 1 _aEl agua :
_buna explicación para comprender : un ensayo para reflexionar /
_c Ghislain de Marsily ; traducción de Juan José Utrilla Trejo
264 _aMéxico :
_bSiglo XXI,
_c1995
300 _a114 páginas :
_bilustraciones
336 _atexto
_2rdacontent
337 _asin medio
_2rdamedia
338 _avolumen
_2rdacarrier
490 0 _aMosaicos
500 _aReimpresiones: (4a, 2004 ; 5a, 2005)
500 _aTraducción de: L'eau
650 _aAgua
_931594
700 1 _aUtrilla, Juan José,
_etraductor
_9920
700 1 _aMarsily, Ghislain de.
_tEau
_iTraducción de:
_931595
942 _2lcc
_cB
_n1
999 _c21679
_d21679